| 000 | 00719cam a2200253 4500 | ||
|---|---|---|---|
| 001 | 4629 | ||
| 003 | BD-RjUL | ||
| 005 | 20211208233928.0 | ||
| 008 | 131223r1972 ii 001 0 eng | ||
| 035 | _a(BD-RjUL)4664 | ||
| 040 |
_aDLC _cDLC _dDLC _dBD-RjUL _beng |
||
| 041 | _aeng | ||
| 082 | 0 | 0 |
_a340 _bRAF 1972 _223 |
| 100 | 1 |
_aRamachandran, V. G. _q(Velandai Gopalayyar) _914383 |
|
| 245 | 1 | 0 |
_aFundamental rights and constitutional remedies, _cby V. G. Ramachandran. |
| 250 | _a2nd ed. | ||
| 260 |
_aLucknow : _bEastern Book Co. _c1972. |
||
| 300 |
_aVol. ; _c25 cm. |
||
| 350 | _a40.00 per vol. | ||
| 505 | 0 | _a V-1, 2 -- | |
| 650 | 0 |
_aCivil rights _zIndia. _97355 |
|
| 942 |
_2ddc _cBK |
||
| 999 |
_c4629 _d4629 |
||